Sporcle Category Grab Bag (15 to 1) Quiz Stats

Quiz Updated Oct 13, 2016

Challenge
Share
Tweet
Embed
Score 0/120 Timer 15:00
3 Plays Today
% Correct
red
94.9%
blue
94.8%
yellow
94.8%
queen
94.7%
green
94.6%
king
94.5%
orange
93.8%
eye
92.1%
pawn
90.8%
ear
90.6%
knight
90.2%
New York
89.4%
rook
88.7%
hearts
88%
leg
88%
violet
87.8%
arm
87.6%
spades
87.5%
diamonds
87.3%
Romeo
87.1%
Juliet
86.9%
toe
86.7%
clubs
86.3%
Son
85.3%
Father
84.7%
Arizona State
84.5%
Holy Ghost
84.4%
un
84.3%
Dancer
84.3%
indigo
83.7%
bishop
83.3%
Blitzen
82.5%
Virginia
82.1%
Donner
82%
Prancer
81.9%
Michigan
81.3%
Erie
80%
Dasher
78.2%
Vixen
78.2%
Cupid
76.3%
% Correct
Superior
76.2%
New Jersey
75.8%
Pennsylvania
75.7%
Rhode Island
75.2%
North Carolina
75.2%
Massachusetts
75.1%
Delaware
75%
Comet
74.8%
South Carolina
74.7%
Maryland
73.6%
Danny Ocean
73%
New Hampshire
72%
lip
71.7%
Connecticut
71.5%
Rusty Ryan
71.1%
Georgia
70.5%
Ontario
70.5%
Huron
70.4%
UCLA
69.1%
deux
68%
trois
65.5%
that
63.6%
Arizona
62.8%
USC
62%
Oregon
61.7%
Bobby
59.2%
Marcia
58.3%
Jan
56.1%
cinq
55.3%
Utah
54.6%
hip
54%
quatre
53.2%
Oregon State
53.2%
sept
52.9%
dix
52.4%
neuf
52.1%
Cindy
50.7%
Stanford
50.7%
six
50.1%
huit
49.9%
% Correct
Greg
49.8%
Linus Caldwell
49.3%
Alice
49%
Colorado
48.1%
Peter
46.7%
Washington State
46.2%
onze
45.5%
Washington
44.3%
Carol
44.3%
rib
42.5%
Mike
42%
UC Berkeley
38.6%
quatorze
38.2%
douze
38.1%
jaw
36.2%
treize
35.2%
quinze
33.3%
gum
29.5%
Basher Tarr
27%
Frank Catton
24.6%
Virgil Malloy
22.4%
Reuben Tishkoff
16.2%
Turk Malloy
15.9%
lanthanum
15.5%
Saul Bloom
15.5%
europium
9.7%
ytterbium
8.5%
cerium
8.3%
erbium
8%
'The Amazing' Yen
7.8%
neodymium
7.4%
promethium
7.3%
terbium
7.3%
samarium
7.1%
praseodymium
7%
dysprosium
7%
holmium
6.8%
gadolinium
6.6%
thulium
6.2%
Livingston Dell
6%

You're not logged in!

Compare scores with friends on all Sporcle quizzes.
Sign Up with Email
OR
Log In

You Might Also Like...

Show Comments

Extras

Top Quizzes Today


Score Distribution

Your Account Isn't Verified!

In order to create a playlist on Sporcle, you need to verify the email address you used during registration. Go to your Sporcle Settings to finish the process.